Postwar Japan as history /

التفاصيل البيبلوغرافية
مؤلفون آخرون: Gordon, Andrew, 1952-
التنسيق: كتاب
اللغة:English
منشور في: Berkeley : University of California Press, c1993.
الموضوعات:
Classic Catalogue: View this record in Classic Catalogue
LEADER 01554nam a2200349 a 4500
001 45774
003 BD-DhAAL
005 20260514150824.0
008 260514t1993 cauab b s001 0 eng
010 |a  91035737  
020 |a 0520074742 
020 |a 0520074750 
020 |a 9780520074743 
020 |a 9780520074750 
035 |a 2961485 
040 |a DLC  |c DLC  |d DLC  |d BD-DhAAL 
043 |a a-ja--- 
050 0 0 |a DS889  |b .P63 1993 
082 0 0 |a 952.04  |2 20 
245 0 0 |a Postwar Japan as history /  |c edited by Andrew Gordon. 
246 3 |a Postwar Japan as history 
260 |a Berkeley :  |b University of California Press,  |c c1993. 
300 |a xii, 496 pages:  |b ill., map ;  |c 24 cm 
504 |a Includes bibliographical references (p. 475-480) and index. 
526 8 |a AAL 
541 1 |a Donated by Embassy of Japan in Bangladesh, Read Japan Project 2025, The Tokyo Foundation, supported by The Nippon Foundation.  |e 45774 
651 0 |a Japan  |x History  |y 1945-  |9 60782 
700 1 |a Gordon, Andrew,  |d 1952-  |9 60783 
852 1 |a Ayesha Abed Library  |c General Stacks 
942 |2 ddc  |c BK 
999 |c 47964  |d 47964 
952 |0 0  |1 0  |2 ddc  |4 0  |6 952_040000000000000_POW  |7 0  |9 79211  |a BRACUL  |b BRACUL  |d 2026-05-14  |e Donated by Embassy of Japan in Bangladesh, Read Japan Project 2025, The Tokyo Foundation, supported by The Nippon Foundation.  |l 0  |o 952.04 POW  |p 3010045774  |r 2026-05-14  |t 1  |w 2026-05-14  |y BK  |x Donated copy received from Embassy of Japan in Bangladesh, Read Japan Project 2025, The Tokyo Foundation, supported by The Nippon Foundation on 08 April 2026; $30.98